| 000 | 00000nam##2200000za#4500 |
| 001 | 9.696651 |
| 003 | CaOODSP |
| 005 | 20210705115228 |
| 007 | cr ||||||||||| |
| 008 | 150407|2007||||xxc|||||o f|0| 0 eng|d |
| 040 | |aCaOODSP|beng |
| 043 | |an-cn--- |
| 086 | 1 |aH118-81/2007E-PDF |
| 110 | 1 |aCanada. |bCanadian Institute for Health Information. |
| 245 | 10|aMedical Radiation Technologist Database (MRTDB) : |h[electronic resource]|bprivacy impact assessment |
| 260 | |aOttawa - Ontario : |bCanadian Institute for Health Information |cc2007. |
| 300 | |a45p.|bfig., references, tables |
| 590 | |a12-38-Supp|b2012-09-27 |
| 690 | 07|aPrivacy|2gcpds |
| 690 | 07|aMedical technology|2gcpds |
| 690 | 07|aLabour force|2gcpds |
| 775 | 08|tBase de données sur les technologues en radiation médicale (BDTRM) : |w(CaOODSP)9.640761 |
| 856 | 40|ahttp://publications.gc.ca|qPDF|s292 KB|uhttps://publications.gc.ca/collections/collection_2012/icis-cihi/H118-81-2007-eng.pdf |